| 000 | 00620nam a2200205 i 4500 | ||
|---|---|---|---|
| 001 | 29144 | ||
| 003 | ES-MaACL | ||
| 005 | 20251003063042.0 | ||
| 007 | t| | ||
| 008 | 030121q1874 fr ||||1| fre d | ||
| 100 | 1 |
_aBarbey d'Aurevilly, Jules Amédée, _d1808-1889 _925447 |
|
| 245 | 1 | 0 |
_aOeuvres / _cde Jules Amadée Barley d'Aurevilley. |
| 260 |
_aParís : _bAlphonse Lemerre, _c[1874?] |
||
| 300 |
_a468 p. ; _c16 cm. |
||
| 505 | 8 | _aContiene: Les piaboliques. Les six premières | |
| 740 | 4 | _aLes piaboliques. | |
| 740 | 4 | _aLes six premières. | |
| 852 |
_aES-MaACL _jG-2436 |
||
| 999 |
_c29144 _d29144 |
||